Κατάλογος Βιβλιοθηκών Mediterranean College

Katharine Gibbs Handbook of Business English (Record no. 4011)

MARC details
000 -LEADER
fixed length control field 01298cam a22002054a 4500
005 - ΗΜΕΡΟΜΗΝΙΑ ΚΑΙ ΩΡΑ ΤΕΛΕΥΤΑΙΑΣ ΕΝΗΜΕΡΩΣΗΣ
Πεδίο ελέγχου 20250605164134.0
008 - FIXED-LENGTH DATA ELEMENTS--GENERAL INFORMATION
Πεδίο ελέγχου σταθερού μήκους 250528s ||||||||||||||||||||||||d
035 ## - SYSTEM CONTROL NUMBER
System control number 18666
020 ## - ISBN
ISBN 25431803
040 ## - ΠΗΓΗ ΚΑΤΑΛΟΓΟΓΡΑΦΗΣΗΣ
Φορέας πρωτότυπης καταλογογράφησης MC Athens Campus Library
Γλώσσα καταλογογράφησης Ελληνικά, Μοντέρνα (1453-)
Modifying agency MC Athens Campus Library
Κανόνες περιγραφικής καταλογογράφησης AACR2
245 1# - ΤΙΤΛΟΣ ΚΑΙ ΔΗΛΩΣΗ ΥΠΕΥΘΥΝΟΤΗΤΑΣ
Τίτλος Katharine Gibbs Handbook of Business English
260 ## - PUBLICATION, DISTRIBUTION, ETC.
Name of publisher, distributor, etc. Macmillan Publishing Company,
Date of publication, distribution, etc. 1982
300 ## - PHYSICAL DESCRIPTION
Extent 280
505 0# - FORMATTED CONTENTS NOTE
Formatted contents note Preface, Numbers and Capitalization and Abbreviations, Parts of Speech, Sentence Structure, Punctuation, Effective Business Writing, Model Letters: Examples of Written Communication for Business Purposes, Parts of a Business Letter, Glossary of Usage, Plurals, Abbreviations and Acronyms, Forms of Address, Weight and Measures, Glossary of Word-Processing Terms, Proofreading, Bibliography, Index.
520 ## - SUMMARY, ETC.
Summary, etc. Preface, Numbers and Capitalization and Abbreviations, Parts of Speech, Sentence Structure, Punctuation, Effective Business Writing, Model Letters: Examples of Written Communication for Business Purposes, Parts of a Business Letter, Glossary of Usage, Plurals, Abbreviations and Acronyms, Forms of Address, Weight and Measures, Glossary of Word-Processing Terms, Proofreading, Bibliography, Index.
700 1# - ΠΡΟΣΘΕΤΗ ΑΝΑΓΡΑΦΗ--ΦΥΣΙΚΟ ΠΡΟΣΩΠΟ
Personal name Quinn Michelle
9 (RLIN) 4935
942 ## - ADDED ENTRY ELEMENTS (KOHA)
Koha item type Books
Holdings
Τύπος τεκμηρίου Βιβλιοθήκη Τρέχουσα τοποθεσία Barcode Αριθμός εισαγωγής Ημερομηνία απόκτησης Ταξιθετικό σύμβολο Αριθμός αντιτύπου Κατάσταση απόσυρσης Κατάσταση χαμένου Κατάσταση κατεστραμμένου Μη δανεισμός Σύνολο δανεισμών Ημερομηνία τελευταίας εμφάνισης Η τιμή ισχύει από
Books MC Athens Campus Library MC Athens Campus Library 9780000040107 3573 05/06/2025 808/.066651 QUI 1           05/06/2025 05/06/2025

MC Athens Campus Library
Πατησίων 94 & Κοδριγκτώνος 13, 104 34
Πελλήνης 8 & Πατησίων 107, 112 51
Τ: +30 210 8899600

MC Thessaloniki Campus Library
Ίωνος Δραγούμη 21, 54625 | Ίωνος Δραγούμη 15, 54625
Τ: +30 2310 287779 – Τ: +30 2314 440300